000 00402nam a2200169Ia 4500
008 230524s9999 xx 000 0 und d
020 _a8121903599
082 _a540
_bDAR
100 _aS.S.Dara
245 2 _aA Text Book of Engineering Chemistry
250 _a1ST
260 _aNEW DELHI
_bS.Chand
_c2004
300 _aXVI;762
500 _aQuantity Number: 8
650 _aChemistry
942 _cBK
999 _c1353
_d1353